00816 2200277 4500001002100000005001500021035002000036007000300056008004100059020001600100082000800116084001400124100002400138245016200162250001000324260003600334300003300370650002100403700001300424700002100437700001300458700001800471520002500489990001200514990001200526INLIS00000000000272120190108092955 a0010-0119000073ta190108 g 0 ind  a602401803-0 a664 a664 SUR t0 aSUROTO,Hadi Saputra1 aTeknologi Penanganan Pasca Panen Umbi Bawang Tiwai dan Aplikasi di Industri /cSuroto Hadi Saputra, Fauziati, Eldha Sampepana; editor, Haspiadi, Arba Susanty acet.1 aYogyakarta :bDeepublish,c2017 axii, 64 hlm. :bilus ;c2013 aTEKNOLOGI PANGAN0 aFAUZIATI0 aELDHA, Sampepana0 aHASPIADI0 aARBA, Susanty aBibliografi: hlm. 64 a16907 a a16907 b